Contrastive analysis

Spremljeno u:
Bibliografski detalji
Glavni autor: James, Carl (Autor)
Format: Knjiga
Jezik:engleski
Izdano: Londres Longman 1980
Teme:
Oznake: Dodaj oznaku
Bez oznaka, Budi prvi tko označuje ovaj zapis!

MARC

LEADER 00000nam a2200000 a 4500
001 UCQ7940
003 CL-VaPUC
008 981121e19800000UK |||||||||||||||||eng|d
082 0 4 |a 418.007  |b JAM  |2 21 
100 |a James, Carl  |e author  |9 566077 
245 1 0 |a Contrastive analysis 
300 |a 208 p 
942 |c BK 
945 |d 19981121 00:00:00  |a crobeson 
260 |a Londres  |b Longman  |c 1980 
650 0 |a Lingüística aplicada   |9 313266 
650 0 |a Educación lingüística  |9 306506 
650 0 |a Métodos de enseñanza  |9 270413 
583 |a last modification  |c 19981121 00:00:00  |k Rodrigo Vera 
999 |c 277314  |d 277312 
952 |0 0  |1 0  |4 0  |6 418_007000000000000_JAM_1980  |7 0  |8 A  |9 315201  |a FDOPOS  |b FDOPOS  |d 2019-11-20  |i 1495097  |o 418.007 JAM 1980  |p 1495097  |r 2025-01-22  |w 2019-11-20  |y BK  |k MLA